Southville International School and Colleges
Your cart is empty.
  • Cart
  • Lists
    Public lists list_1 View all
    Your lists Log in to create your own lists
  • Log in to your account
  • Your cookies
  • Search history
Southville International School and Colleges
  • Advanced search
  • Recent comments
  • Most popular
  • Libraries

Log in to your account

Log in with GOOGLE


If you do not have an external account, but do have a local account, you can still log in:

  1. Home
  2. MARC view: Research 101 : notes and style guide in thesis and dissertation writing for the Filipino students
Normal view MARC view ISBD view

Research 101 : notes and style guide in thesis and dissertation writing for the Filipino students (Record no. 365202)

[ view plain ]
MARC details
000 -LEADER
fixed length control field 00698nam a22002177a 4500
003 - CONTROL NUMBER IDENTIFIER
control field 0
005 - DATE AND TIME OF LATEST TRANSACTION
control field 20230824085537.0
008 - FIXED-LENGTH DATA ELEMENTS--GENERAL INFORMATION
fixed length control field 230824b xxu||||| |||| 00| 0 eng d
020 ## - INTERNATIONAL STANDARD BOOK NUMBER
International Standard Book Number 978-621-406-333-8
050 ## - LIBRARY OF CONGRESS CALL NUMBER
Classification number LB 2369
Item number .An54 2022
100 ## - MAIN ENTRY--PERSONAL NAME
Personal name Ang, Jaime Gutierrez
245 ## - TITLE STATEMENT
Title Research 101 : notes and style guide in thesis and dissertation writing for the Filipino students
Statement of responsibility, etc Jamie Gutierrez Ang
260 ## - PUBLICATION, DISTRIBUTION, ETC. (IMPRINT)
Place of publication, distribution, etc Manila
Name of publisher, distributor, etc Mindshapers Co., Inc.
Date of publication, distribution, etc c2022.
300 ## - PHYSICAL DESCRIPTION
Extent xii, 160 pages ;
Dimensions 26 cm.
500 ## - GENERAL NOTE
General note Thesis writing.
504 ## - BIBLIOGRAPHY, ETC. NOTE
Bibliography, etc Includes bibliographical references.
650 ## - SUBJECT ADDED ENTRY--TOPICAL TERM
Topical term or geographic name as entry element Thesis writing.
650 ## - SUBJECT ADDED ENTRY--TOPICAL TERM
Topical term or geographic name as entry element Report writing.
650 ## - SUBJECT ADDED ENTRY--TOPICAL TERM
Topical term or geographic name as entry element Research.
942 ## - ADDED ENTRY ELEMENTS (KOHA)
Source of classification or shelving scheme Library of Congress Classification
Koha item type Books
Holdings
Withdrawn status Lost status Source of classification or shelving scheme Damaged status Home library Current library Shelving location Date acquired Source of acquisition Total Checkouts Full call number Barcode Date last seen Price effective from Koha item type
    Library of Congress Classification   College Library College Library Filipiniana Section 08/24/2023 Library Fund   LB 2369 .An54 2022 C22904 08/24/2023 08/24/2023 Books

Research 101 : notes and style guide in thesis and dissertation writing for the Filipino students

APA

Ang J. G., . (2022). Research 101 : notes and style guide in thesis and dissertation writing for the Filipino students. Manila: Mindshapers Co., Inc.

Chicago

Ang Jaime Gutierrez, . 2022. Research 101 : notes and style guide in thesis and dissertation writing for the Filipino students. Manila: Mindshapers Co., Inc.

Harvard

Ang J. G., . (2022). Research 101 : notes and style guide in thesis and dissertation writing for the Filipino students. Manila: Mindshapers Co., Inc.

MLA

Ang Jaime Gutierrez, . Research 101 : notes and style guide in thesis and dissertation writing for the Filipino students. Manila: Mindshapers Co., Inc. 2022.

  • Place hold
  • Print
  • Cite
  • Add to your cart (remove)
  • Save record
    BIBTEX Dublin Core MARCXML MARC (non-Unicode/MARC-8) MARC (Unicode/UTF-8) MARC (Unicode/UTF-8, Standard) MODS (XML) RIS
  • More searches
    Search for this title in:
    Other Libraries (WorldCat) Other Databases (Google Scholar) Online Stores (Bookfinder.com) Open Library (openlibrary.org)

Exporting to Dublin Core...

SOUTHVILLE LIBRARY

Southville International School and Colleges Library

1281 Tropical Ave. Cor. Luxembourg St., BF Homes International, Las Pinas City

Tel. No. 8256374 / 252358 Loc. 117/146

Powered by Koha